00478nam a2200145Ia 4500008004100000020002200041050001600063100002300079245003900102260002500141300001100166650004500177952009300222999001700315120626s9999 xx 000 0 und d a978-970-15-1265-4 aQP363.3 A55 aANDERSON, James A. aRedes neurales / James A. Anderson aMèxico : Alfaomega a616 p. a1. REDES NEURALES ( NEUROBIOLOGÌA )Ì 00104070a09b09d2009-08-27l0oQP363.3 A55p09 003080r2012-06-26t1w2012-06-26yLB c64424d64424